Programmingin matlab for engineers / (Record no. 189476)

000 -LEADER
fixed length control field 00923 a2200193 4500
003 - CONTROL NUMBER IDENTIFIER
control field Nust
005 - DATE AND TIME OF LATEST TRANSACTION
control field 20221124110918.0
010 ## - LIBRARY OF CONGRESS CONTROL NUMBER
LC control number 99054392
020 ## - INTERNATIONAL STANDARD BOOK NUMBER
International Standard Book Number 0534951511
040 ## - CATALOGING SOURCE
Transcribing agency Nust
082 00 - DEWEY DECIMAL CLASSIFICATION NUMBER
Classification number 519.4028,CHA
100 1# - MAIN ENTRY--PERSONAL NAME
Personal name Chapman, Stephen J.
245 10 - TITLE STATEMENT
Title Programmingin matlab for engineers /
Statement of responsibility, etc. Stephen J. Chapman.
260 ## - PUBLICATION, DISTRIBUTION, ETC.
Place of publication, distribution, etc. Pacific Grove, CA :
Name of publisher, distributor, etc. Brooks/Cole,
Date of publication, distribution, etc. c2000.
300 ## - PHYSICAL DESCRIPTION
Extent xvii, 444 p. :
Other physical details ill. (some col.) ;
Dimensions 23 cm.
505 ## - FORMATTED CONTENTS NOTE
Formatted contents note Introduction to MATLAB (Page-11), MATLAB Basics (Page-26), Branching Statements and Program Design (Page-71), Loops (Page-117), User-Defined Functions (Page-158), Additional Data Types and Plot Types (Page-199), Advanced Features (Page-239), Input/Output Functions (Page-278), Handle Graphics (Page-316), Graphical user Interfaces (Page-337), The MATLAB Complier (Page-388).
650 #0 - SUBJECT ADDED ENTRY--TOPICAL TERM
Topical term or geographic name entry element Numerical analysis
General subdivision Data processing.
9 (RLIN) 72
942 ## - ADDED ENTRY ELEMENTS (KOHA)
Source of classification or shelving scheme
Koha item type Book
Call number prefix 519.4028,CHA
Holdings
Withdrawn status Lost status Source of classification or shelving scheme Damaged status Not for loan Permanent Location Current Location Shelving location Date acquired Full call number Barcode Date last seen Price effective from Koha item type Public note
          Military College of Signals (MCS) Military College of Signals (MCS) General Stacks 12/12/2016 519.4028,CHA MCS35145 12/08/2016 12/12/2016 Book Almirah No. 14 Shelf No. 4
© 2023 Central Library, National University of Sciences and Technology. All Rights Reserved.